000 00659nam a2200205Ia 4500
005 20260629163254.0
008 260629s9999||||xx |||||||||||||| ||und||
020 _a9780231143851
_qpbk
020 _qhb
082 _a325.3
_bMOR
100 _aMorris, Rosalind C. [ed.]
245 0 _aCan the subaltern speak? : reflections on the history of an idea
260 _aNew York
_bColumbia University Press
_c2010
300 _ax, 318p. ; 23cm.
653 _aFeminist theory
653 _aPostcolonialism
653 _aSpivak, Gayatri Chakravorty--Criticism and interpretation
653 _aSpivak, Gayatri Chakravorty. Can the subaltern speak
942 _cBK
999 _c57314
_d57314